The boards of nationalized industries (Record no. 437657)

000 -LEADER
fixed length control field 00352cam a22001217a 4500
008 - FIXED-LENGTH DATA ELEMENTS--GENERAL INFORMATION
fixed length control field 180718b1957 xxu||||| |||| 00| 0 eng d
082 ## - DEWEY DECIMAL CLASSIFICATION NUMBER
Classification number U60028x42 Si53
100 ## - MAIN ENTRY--PERSONAL NAME
Personal name Simon, Lord
245 ## - TITLE STATEMENT
Title The boards of nationalized industries
Statement of responsibility, etc. by Lord Simon
260 ## - PUBLICATION, DISTRIBUTION, ETC.
Place of publication, distribution, etc. London
Name of publisher, distributor, etc. Longmans, Green and Co.
Date of publication, distribution, etc. 1957
300 ## - PHYSICAL DESCRIPTION
Extent 54p.
650 ## - SUBJECT ADDED ENTRY--TOPICAL TERM
Topical term or geographic name entry element Nationalized industries
Holdings
Withdrawn status Lost status Damaged status Not for loan Permanent Location Current Location Date acquired Full call number Barcode Date last seen Price effective from Koha item type
        Indian Institute of Public Administration Indian Institute of Public Administration 2010-03-25 U60028x42 Si53 12214 2018-07-21 2018-07-21 Book

Powered by Koha